Educación popular en Chile: trayectoria, experiencia y perspectivas

I tiakina i:
Ngā taipitopito rārangi puna kōrero
Kaituhi matua: García-Huidobro Saavedra, Juan Eduardo (Author)
Ētahi atu kaituhi: Martinic Valencia, Sergio (autor), Ortiz Cáceres, Iván (autor)
Hōputu: Pukapuka
Reo:Pāniora
I whakaputaina: Santiago CIDE 1989
Ngā marau:
Ngā Tūtohu: Tāpirihia he Tūtohu
Kāore He Tūtohu, Me noho koe te mea tuatahi ki te tūtohu i tēnei pūkete!

MARC

LEADER 00000nam a2200000 a 4500
001 UCW4757
003 CL-VaPUC
008 900802e19890000CL |||||||||||||||||spa|d
082 0 4 |a 306.43  |b GAR  |2 21 
100 |a García-Huidobro Saavedra, Juan Eduardo  |e author  |9 489835 
700 |a Martinic Valencia, Sergio  |e autor  |9 559352 
700 |a Ortiz Cáceres, Iván  |e autor  |9 309619 
245 1 0 |a Educación popular en Chile: trayectoria, experiencia y perspectivas 
300 |a 216 p 
942 |c BK 
945 |d 19900802 00:00:00 
260 |a Santiago  |b CIDE  |c 1989 
650 0 |a Educación popular  |9 308964 
650 0 |a Sociología de la educación   |9 260380 
651 7 |a CHILE  |2 CL-VaPUC  |9 309550 
583 |a last modification  |c 19900802 00:00:00  |k Rodrigo Vera 
999 |c 218383  |d 218381 
952 |0 0  |1 0  |4 0  |6 306_430000000000000_GAR_1989  |7 0  |8 A  |9 207869  |a BIBEDU  |b BIBEDU  |d 2019-11-15  |i 2757052  |l 3  |o 306.43 GAR 1989  |p 2757052  |r 2024-06-17  |s 2024-05-28  |w 2019-11-15  |y BK  |k EDU 
952 |0 0  |1 0  |4 0  |6 306_430000000000000_GAR_1989  |7 0  |8 A  |9 207870  |a BIBTEO  |b BIBTEO  |d 2019-11-15  |i 2757060  |o 306.43 GAR 1989  |p 2757060  |r 2025-01-17  |w 2019-11-15  |y BK  |k ICR